[Event "SLO-chT2 Ost"]
[Site "Slovenia"]
[Date "2021.09.25"]
[Round "5.5"]
[White "Novak, Andrej"]
[Black "Muzlovic, Anastazij"]
[Result "1-0"]
[WhiteElo "1740"]
[BlackElo "1731"]
[PlyCount "103"]
[EventDate "2021.09.11"]
[EventType "team-tourn"]
[EventRounds "9"]
[EventCountry "SLO"]
[SourceTitle "EXT 2024"]
[Source "ChessBase"]
[SourceDate "2023.10.10"]
[SourceVersion "1"]
[SourceVersionDate "2023.10.10"]
[SourceQuality "1"]
[WhiteTeam "Trbovlje Rudar"]
[BlackTeam "Ruse Messer"]
[WhiteTeamCountry "SLO"]
[BlackTeamCountry "SLO"]

1. b3 Nc6 2. Bb2 e5 3. e3 d5 4. Bb5 Bd6 5. f4 Bd7 6. Bxc6 bxc6 7. Nf3 f6 8. fxe5 fxe5 9. d3 Bg4 10. Nbd2 Nf6 11. h3 Bxf3 12. Qxf3 0-0 13. Qe2 Qe7 14. 0-0-0 a5 15. a4 Ba3 16. e4 Bxb2+ 17. Kxb2 Rae8 18. Rhf1 Qb4 19. Ka2 Qd6 20. Rde1 c5 21. exd5 Nxd5 22. Ne4 Qe7 23. Rxf8+ Rxf8 24. Rf1 Nf6 25. Nxf6+ gxf6 26. Rf5 Kf7 27. Qe4 Ke6 28. g4 Kd6 29. Qe1 Ra8 30. Qh4 Rf8 31. Rh5 Rh8 32. Rh6 Ke6 33. g5 Rf8 34. Rxh7 Qd8 35. Rh6 Qd4 36. Qe4 Ke7 37. Rh7+ Kd6 38. Qf5 Kc6 39. Rh6 Qc3 40. Rxf6+ Rxf6 41. Qxf6+ Kb7 42. Qf2 e4 43. dxe4 c4 44. Qe2 cxb3+ 45. cxb3 Qxh3 46. Qb5+ Kc8 47. Qxa5 Qg2+ 48. Ka3 Qxe4 49. Qa6+ Kb8 50. Qb5+ Ka7 51. Qc5+ Kb8 52. Qb4+ 1-0